[Event "Skopje op-B"]
[Site "Skopje"]
[Date "2023.12.11"]
[Round "8"]
[White "Xheladini, Valton"]
[Black "Minas, Ioannis"]
[Result "1/2-1/2"]
[WhiteElo "1743"]
[BlackElo "1964"]
[PlyCount "44"]
[EventDate "2023.12.06"]
[EventType "swiss"]
[EventRounds "9"]
[EventCountry "MKD"]
[SourceTitle "CB51_2023"]
[SourceDate "2023.12.20"]
[SourceVersion "1"]
[SourceVersionDate "2023.12.20"]
[SourceQuality "1"]

1. e4 e5 2. Nf3 Nc6 3. Bc4 Nf6 4. d3 h6 5. 0-0 d6 6. Re1 g6 7. h3 Bg7 8. d4 0-0 9. Nc3 Nxd4 10. Nxd4 exd4 11. Qxd4 c6 12. Qd3 b5 13. Bb3 b4 14. Na4 d5 15. exd5 Nxd5 16. Bxd5 Qxd5 17. Qxd5 cxd5 18. Bd2 Rb8 19. a3 bxa3 20. Rxa3 Bf5 21. c3 Rfc8 22. Be3 Rb7 1/2-1/2

[Event "Skopje op-B"]
[Site "Skopje"]
[Date "2023.12.10"]
[Round "7"]
[White "Minas, Ioannis"]
[Black "Gochev, Gincho"]
[Result "1/2-1/2"]
[WhiteElo "1964"]
[BlackElo "1806"]
[PlyCount "80"]
[EventDate "2023.12.06"]
[EventType "swiss"]
[EventRounds "9"]
[EventCountry "MKD"]
[SourceTitle "CB51_2023"]
[SourceDate "2023.12.20"]
[SourceVersion "1"]
[SourceVersionDate "2023.12.20"]
[SourceQuality "1"]

1. e4 c6 2. d4 d5 3. exd5 cxd5 4. Bd3 Nc6 5. c3 g6 6. Ne2 Bg7 7. 0-0 Nh6 8. Nf4 0-0 9. Nd2 e5 10. dxe5 Nxe5 11. Be2 b6 12. Nf3 Bb7 13. Nd4 Qd7 14. h3 Rfd8 15. Re1 Nf5 16. Bb5 Qc8 17. Nxf5 Qxf5 18. Ne2 a6 19. Nd4 Qf6 20. Bf1 Rac8 21. g3 Re8 22. Bg2 Nc4 23. h4 h6 24. b3 Nd6 25. Rxe8+ Rxe8 26. Be3 Ne4 27. Qd3 Qe7 28. Ne2 b5 29. b4 Rc8 30. Bd4 Bxd4 31. Nxd4 Rc4 32. Qe3 Qf6 33. Rc1 Kg7 34. Ne2 Rc7 35. f3 Nd6 36. Qd4 Nf5 37. Qxf6+ Kxf6 38. Kf2 d4 39. g4 Nxh4 40. Nxd4 g5 1/2-1/2

[Event "Thessaloniki op 3rd"]
[Site "Thessaloniki"]
[Date "2023.08.06"]
[Round "3"]
[White "Hadzimanolis, Antonios"]
[Black "Minas, Ioannis"]
[Result "1/2-1/2"]
[WhiteElo "2210"]
[BlackElo "1953"]
[PlyCount "137"]
[EventDate "2023.08.05"]
[EventType "swiss"]
[EventRounds "9"]
[EventCountry "GRE"]
[SourceTitle "CBM 215 Extra"]
[Source "ChessBase"]
[SourceDate "2023.09.30"]
[SourceVersion "1"]
[SourceVersionDate "2023.09.30"]
[SourceQuality "1"]

1. e4 e5 2. Nf3 Nc6 3. Bb5 f5 4. d3 fxe4 5. dxe4 Nf6 6. 0-0 d6 7. Nc3 Be7 8. Bg5 0-0 9. Bxf6 Rxf6 10. Nd5 Rf8 11. Qd3 Kh8 12. c3 Bg4 13. Nd2 Bg5 14. Ne3 Be6 15. Bc4 Qe8 16. Bxe6 Qxe6 17. Nd5 Rf7 18. Rad1 Raf8 19. Nc4 Qh6 20. Nce3 Nd8 21. Nf5 Qg6 22. Qg3 Ne6 23. f3 Qh5 24. Qf2 g6 25. Ng3 Qh6 26. Rfe1 b6 27. Ne3 Bh4 28. Qd2 Qg5 29. Nef1 Nf4 30. Kh1 h5 31. Qf2 Qe7 32. Ne3 Qe6 33. b3 Bg5 34. Nd5 h4 35. Nxf4 Rxf4 36. Nf1 h3 37. Rd3 hxg2+ 38. Kxg2 Rh4 39. Qg3 Qf6 40. Re2 Kg7 41. Kf2 Rf4 42. Kg2 Rh4 43. Kf2 Bf4 44. Qg2 Rfh8 45. Ke1 Qg5 46. Qxg5 Bxg5 47. Kf2 Bf4 48. Kg1 Kf6 49. Ne3 Bxe3+ 50. Rdxe3 Kg5 51. Rg2+ Kf4 52. Rd3 R8h6 53. a4 g5 54. h3 g4 55. Rxg4+ Rxg4+ 56. fxg4 Kxe4 57. Rg3 Kf4 58. Kg2 e4 59. g5 Rh8 60. g6 Kf5 61. h4 Kf6 62. Rg4 d5 63. c4 c6 64. Kf2 Kg7 65. Ke3 Rh6 66. cxd5 cxd5 67. Rg5 Rxh4 68. Rxd5 Kxg6 69. a5 1/2-1/2

[Event "Thessaloniki op 3rd"]
[Site "Thessaloniki"]
[Date "2023.08.06"]
[Round "2"]
[White "Minas, Ioannis"]
[Black "Papadimitriou, Athanasios"]
[Result "0-1"]
[WhiteElo "1953"]
[BlackElo "2249"]
[PlyCount "98"]
[EventDate "2023.08.05"]
[EventType "swiss"]
[EventRounds "9"]
[EventCountry "GRE"]
[SourceTitle "CBM 215 Extra"]
[Source "ChessBase"]
[SourceDate "2023.09.30"]
[SourceVersion "1"]
[SourceVersionDate "2023.09.30"]
[SourceQuality "1"]

1. e4 d5 2. exd5 Nf6 3. Bb5+ Nbd7 4. d4 Nxd5 5. Nf3 g6 6. 0-0 Bg7 7. Re1 0-0 8. Bf1 b6 9. c4 N5f6 10. Nc3 Bb7 11. h3 e6 12. Bg5 a6 13. d5 exd5 14. Nxd5 h6 15. Bf4 Nxd5 16. cxd5 Nc5 17. b4 Bxa1 18. Qxa1 Nd7 19. Bxh6 Qf6 20. Bxf8 Qxa1 21. Rxa1 Kxf8 22. Rc1 Rc8 23. d6 cxd6 24. Rxc8+ Bxc8 25. Nd2 Ke7 26. f4 Nf6 27. Nc4 Nd5 28. a3 b5 29. Na5 Nxf4 30. Kf2 Nd5 31. g4 Kf6 32. Bg2 Nc3 33. Ke3 Nb1 34. a4 bxa4 35. Kd3 a3 36. Bd5 Be6 37. Bxe6 fxe6 38. Kc2 a2 39. Kb2 Nc3 40. h4 e5 41. Nb3 Nd5 42. Kxa2 Nxb4+ 43. Kb2 Nd3+ 44. Kc3 Nf2 45. Kc4 Nxg4 46. Kd5 Ke7 47. Na5 Nf6+ 48. Kc4 d5+ 49. Kc5 Ke6 0-1

[Event "FRM-chT2"]
[Site "Struga"]
[Date "2023.07.01"]
[Round "2.3"]
[White "Gecovski, Goce"]
[Black "Minas, Ioannis"]
[Result "1-0"]
[WhiteElo "2209"]
[BlackElo "1947"]
[PlyCount "73"]
[EventDate "2023.06.30"]
[EventType "team-tourn"]
[EventRounds "7"]
[EventCountry "MKD"]
[SourceTitle "EXT 2024"]
[Source "ChessBase"]
[SourceDate "2023.10.10"]
[SourceVersion "1"]
[SourceVersionDate "2023.10.10"]
[SourceQuality "1"]

1. Nf3 c5 2. c4 Nc6 3. Nc3 g6 4. g3 Bg7 5. Bg2 e5 6. d3 Nge7 7. Rb1 0-0 8. 0-0 d6 9. a3 a5 10. Ne1 Be6 11. Nd5 Bxd5 12. cxd5 Nd4 13. e3 Nb5 14. a4 Nc7 15. e4 Qd7 16. f4 b5 17. f5 f6 18. Nc2 Rfb8 19. Ne3 bxa4 20. Ra1 Rb4 21. fxg6 hxg6 22. Ng4 Rf8 23. Bh3 Qb5 24. Ne3 f5 25. exf5 e4 26. fxg6 Nxg6 27. Qh5 Qe8 28. Bf5 Rxf5 29. Nxf5 Ne5 30. Qg5 Qd7 31. Ne7+ Qxe7 32. Qxe7 Nb5 33. Qe8+ Kh7 34. Qh5+ Kg8 35. Bh6 Nd4 36. Bxg7 Nef3+ 37. Kg2 1-0

[Event "FRM-chT2"]
[Site "Skopje"]
[Date "2023.05.28"]
[Round "3"]
[White "Trajkovski, Mile"]
[Black "Minas, Ioannis"]
[Result "1/2-1/2"]
[WhiteElo "1932"]
[BlackElo "1948"]
[PlyCount "71"]
[EventDate "2023.05.27"]
[EventType "team-tourn"]
[EventRounds "6"]
[EventCountry "MKD"]
[SourceTitle "CBM 214 Extra"]
[Source "ChessBase"]
[SourceDate "2023.07.31"]
[SourceVersion "1"]
[SourceVersionDate "2023.07.31"]
[SourceQuality "1"]

1. e4 e5 2. d4 exd4 3. c3 d5 4. exd5 Qxd5 5. cxd4 Nc6 6. Nf3 Bg4 7. Be2 Bb4+ 8. Nc3 Bxc3+ 9. bxc3 Bxf3 10. Bxf3 Qc4 11. Qe2+ Qxe2+ 12. Kxe2 Nge7 13. Rb1 0-0-0 14. Re1 Nd5 15. Bd2 Nb6 16. Kd3 Rhe8 17. Rxe8 Rxe8 18. Re1 Rxe1 19. Bxe1 Na5 20. Bd2 Nac4 21. Bf4 g6 22. h4 Nd6 23. h5 Nbc4 24. Bd5 b5 25. g4 Kd7 26. Bg5 c6 27. Bg2 Nb6 28. Bf6 Nd5 29. Be5 f6 30. Bxd5 cxd5 31. hxg6 hxg6 32. Bxf6 Ne4 33. Bh4 g5 34. Bg3 Nxg3 35. fxg3 Kc6 36. Kc2 1/2-1/2

[Event "GRE-chT Online Rapid op 1st"]
[Site "Tornelo INT"]
[Date "2021.02.20"]
[Round "3.14"]
[White "Minas, Ioannis"]
[Black "Agouridis, Aris"]
[Result "1-0"]
[WhiteElo "1906"]
[BlackElo "2098"]
[PlyCount "115"]
[EventDate "2021.02.20"]
[EventType "team-swiss (rapid)"]
[EventRounds "9"]
[EventCountry "GRE"]
[SourceTitle "EXT 2023"]
[Source "ChessBase"]
[SourceDate "2022.10.05"]
[SourceVersion "1"]
[SourceVersionDate "2022.10.05"]
[SourceQuality "1"]

1. e4 e6 2. d4 d5 3. exd5 exd5 4. Nf3 c5 5. Nc3 Be6 6. Bb5+ Nc6 7. 0-0 Bd6 8. Ng5 Nf6 9. Nxe6 fxe6 10. dxc5 Bxc5 11. Qe2 Qd6 12. Na4 0-0 13. Nxc5 Qxc5 14. Be3 Qd6 15. c3 a6 16. Ba4 b5 17. Bc2 Rae8 18. a4 b4 19. h3 a5 20. Rfd1 Qc7 21. Bc5 Rf7 22. cxb4 Nxb4 23. Bxb4 axb4 24. a5 Qa7 25. Ra4 Rc8 26. Bd3 b3 27. Qxe6 Re8 28. Qb6 Qe7 29. Qxb3 Qc5 30. Qc2 Qd6 31. a6 Ref8 32. a7 Ra8 33. Rda1 g6 34. b4 Qb6 35. Qc5 Qb7 36. Ra6 Kg7 37. b5 Ne4 38. Bxe4 dxe4 39. Qc6 Qxc6 40. bxc6 Rc7 41. Kf1 Kf6 42. Ke2 Ke6 43. Rb6 Kd6 44. Ke3 Raxa7 45. Rxa7 Rxa7 46. Rb7 Ra4 47. Rxh7 Kxc6 48. Rg7 Kd5 49. Rxg6 Ra3+ 50. Kf4 Ra2 51. Kg3 Ra3+ 52. Kh2 Ke5 53. Rg8 Ra2 54. Rf8 Kd4 55. h4 Ra5 56. g4 Kd3 57. h5 Rg5 58. Kg3 1-0

[Event "GRE-chT Online Rapid op 1st"]
[Site "Tornelo INT"]
[Date "2021.02.20"]
[Round "1.4"]
[White "Minas, Ioannis"]
[Black "Kourkoulos Arditis, Stamatis"]
[Result "0-1"]
[WhiteElo "1906"]
[BlackElo "2485"]
[PlyCount "60"]
[EventDate "2021.02.20"]
[EventType "team-swiss (rapid)"]
[EventRounds "9"]
[EventCountry "GRE"]
[SourceTitle "EXT 2023"]
[Source "ChessBase"]
[SourceDate "2022.10.05"]
[SourceVersion "1"]
[SourceVersionDate "2022.10.05"]
[SourceQuality "1"]

1. e4 g6 2. d4 Bg7 3. Nf3 d6 4. h3 Nf6 5. Bd3 0-0 6. 0-0 Nc6 7. c3 e5 8. Re1 Re8 9. d5 Ne7 10. Bf1 a5 11. a4 h6 12. Na3 Nh7 13. g3 f5 14. Nc4 fxe4 15. Rxe4 Nf6 16. Re1 Nexd5 17. Qc2 Bf5 18. Qb3 Qd7 19. Nh4 Be6 20. Nxg6 Qf7 21. Qc2 Nh7 22. Nh4 Ng5 23. Kh2 Rf8 24. f4 exf4 25. g4 Rae8 26. Bd3 Ne3 27. Nxe3 fxe3 28. Bxe3 Be5+ 29. Kh1 Bd5+ 30. Ng2 Qf3 0-1

[Event "EU-ch rapid"]
[Site "Skopje"]
[Date "2018.12.08"]
[Round "1"]
[White "Minas, Ioannis"]
[Black "Delchev, Aleksander"]
[Result "0-1"]
[WhiteElo "1973"]
[BlackElo "2552"]
[PlyCount "114"]
[EventDate "2018.12.08"]
[EventType "swiss (rapid)"]
[EventRounds "13"]
[EventCountry "MKD"]
[SourceTitle "CBM 187 Extra"]
[Source "ChessBase"]
[SourceDate "2018.11.04"]
[SourceVersion "1"]
[SourceVersionDate "2018.11.04"]
[SourceQuality "1"]

1. e4 c5 2. c3 d5 3. exd5 Qxd5 4. d4 Nf6 5. Nf3 e6 6. Na3 Nc6 7. Nb5 Qd8 8. dxc5 Bxc5 9. Qxd8+ Kxd8 10. Bf4 Ne4 11. Rd1+ Ke7 12. Bg3 a6 13. Nbd4 Nxd4 14. Nxd4 Nxg3 15. hxg3 Bd7 16. Be2 Rad8 17. Bf3 Bc8 18. a4 a5 19. Nb3 Rxd1+ 20. Bxd1 Bb6 21. Rh5 f5 22. g4 g6 23. Rh3 Kf6 24. Rd3 Rd8 25. Rxd8 Bxd8 26. Nd2 Bd7 27. gxf5 exf5 28. b4 axb4 29. cxb4 Be7 30. b5 Bb4 31. Ke2 h5 32. Nc4 Be6 33. Kd3 Bd5 34. f3 h4 35. Ne3 Be6 36. Nc2 Bc5 37. Nd4 Bd7 38. Kc4 Bb6 39. f4 Bc7 40. Bf3 Bc8 41. Ne2 Ke7 42. Bd5 Ba5 43. Nd4 Bd2 44. Nf3 Bxf4 45. Nxh4 Kf6 46. Nf3 Bc7 47. Kc5 g5 48. Nd2 f4 49. Nc4 g4 50. Nd6 b6+ 51. Kc6 Bxd6 52. Kxd6 Bf5 53. Bc6 Bd3 54. a5 bxa5 55. b6 Ba6 56. Kd5 f3 57. gxf3 g3 0-1

[Event "Silver Lake op-B"]
[Site "Veliko Gradiste"]
[Date "2018.06.23"]
[Round "8"]
[White "Minas, Ioannis"]
[Black "Ristic, Luka"]
[Result "0-1"]
[WhiteElo "1964"]
[BlackElo "1868"]
[PlyCount "118"]
[EventDate "2018.06.17"]
[EventType "swiss"]
[EventRounds "9"]
[EventCountry "SRB"]
[SourceTitle "EXT 2019"]
[Source "ChessBase"]
[SourceDate "2018.10.10"]
[SourceVersion "1"]
[SourceVersionDate "2018.10.10"]
[SourceQuality "1"]

1. e4 g6 2. d4 Bg7 3. c4 c5 4. d5 d6 5. Ne2 Nf6 6. Nbc3 0-0 7. Ng3 e6 8. Be2 exd5 9. cxd5 a6 10. a4 h5 11. Bg5 Qb6 12. Qd2 Nbd7 13. 0-0 Ne5 14. a5 Qa7 15. f4 Neg4 16. Bc4 Nh7 17. Be7 Bd4+ 18. Kh1 b5 19. Bxf8 Nxf8 20. Ba2 h4 21. Nge2 Nf2+ 22. Rxf2 Bxf2 23. Nd1 c4 24. Nxf2 Qxf2 25. Qe1 Qe3 26. Ng1 Qxf4 27. Qe2 Bg4 28. Rf1 Bxe2 29. Rxf4 Bd3 30. Nh3 b4 31. Nf2 Be2 32. e5 c3 33. bxc3 bxc3 34. Bb1 Rb8 35. Be4 dxe5 36. Rf6 Rb2 37. Rc6 f5 38. Rxc3 fxe4 39. h3 Bd3 40. Ng4 e3 41. Nxe3 Be4 42. Rc4 Bf5 43. Rc6 Re2 44. Nxf5 gxf5 45. Rxa6 e4 46. Rf6 e3 47. Rxf5 Rf2 48. Re5 e2 49. Kh2 Ng6 50. Re4 Nf4 51. a6 Rxg2+ 52. Kh1 Rg7 53. d6 Rd7 54. Kg1 Nxh3+ 55. Kg2 Nf4+ 56. Kf3 h3 57. Kg3 Rxd6 58. a7 Ra6 59. Kh2 Rxa7 0-1

[Event "Skopje U2200 op"]
[Site "Skopje"]
[Date "2017.12.10"]
[Round "7"]
[White "Akin, Yagiz Cinar"]
[Black "Minas, Ioannis"]
[Result "0-1"]
[WhiteElo "1962"]
[BlackElo "1949"]
[PlyCount "47"]
[EventDate "2017.12.07"]
[EventType "swiss"]
[EventRounds "7"]
[EventCountry "MKD"]
[SourceTitle "CBM 182 Extra"]
[Source "ChessBase"]
[SourceDate "2018.02.23"]
[SourceVersion "1"]
[SourceVersionDate "2018.02.23"]
[SourceQuality "1"]

1. e4 e5 2. Nf3 Nc6 3. Bb5 f5 4. Nc3 fxe4 5. Nxe4 Nf6 6. d3 d5 7. Nxf6+ gxf6 8. Bxc6+ bxc6 9. d4 Bg7 10. dxe5 fxe5 11. 0-0 0-0 12. h3 Qf6 13. Nh2 Ba6 14. Ng4 Qh4 15. Re1 h5 16. g3 Qxh3 17. Nxe5 Rxf2 18. Kxf2 Qh2+ 19. Kf3 h4 20. Bf4 Rf8 21. Ke3 Bxe5 22. Qg4+ Bg7 23. Qe6+ Kh8 24. Rad1 0-1

[Event "Skopje U2200 op"]
[Site "Skopje"]
[Date "2017.12.10"]
[Round "6"]
[White "Minas, Ioannis"]
[Black "Yurdakul, Didem Nuray"]
[Result "1/2-1/2"]
[WhiteElo "1949"]
[BlackElo "1763"]
[PlyCount "54"]
[EventDate "2017.12.07"]
[EventType "swiss"]
[EventRounds "7"]
[EventCountry "MKD"]
[SourceTitle "CBM 182 Extra"]
[Source "ChessBase"]
[SourceDate "2018.02.23"]
[SourceVersion "1"]
[SourceVersionDate "2018.02.23"]
[SourceQuality "1"]

1. d4 d5 2. Nf3 Nf6 3. Bf4 c5 4. e3 Qb6 5. Nc3 a6 6. dxc5 Qxc5 7. Be2 Bf5 8. Nd4 Bg6 9. h4 h6 10. Nb3 Qc6 11. a4 Nbd7 12. h5 Bh7 13. 0-0 e5 14. Bg3 Bb4 15. Na2 Bxc2 16. Nxb4 Bxd1 17. Nxc6 Bxe2 18. Rfe1 Bc4 19. Nca5 Bxb3 20. Nxb3 Nxh5 21. Bh2 0-0 22. Red1 Nhf6 23. Na5 Rfe8 24. Rac1 b5 25. axb5 axb5 26. b4 Nb6 27. Rc5 Ne4 1/2-1/2

[Event "Nea Moudania op 2nd"]
[Site "Nea Moudania"]
[Date "2016.08.27"]
[Round "6"]
[White "Minas, Ioannis"]
[Black "Vardakas, Grigorios"]
[Result "1-0"]
[WhiteElo "1993"]
[BlackElo "1824"]
[PlyCount "55"]
[EventDate "2016.08.22"]
[EventType "swiss"]
[EventRounds "9"]
[EventCountry "GRE"]
[SourceTitle "CBM 174 Extra"]
[Source "ChessBase"]
[SourceDate "2016.10.10"]
[SourceVersion "1"]
[SourceVersionDate "2016.10.10"]
[SourceQuality "1"]

1. e4 c5 2. c3 d5 3. exd5 Qxd5 4. d4 Nc6 5. Nf3 cxd4 6. cxd4 Bg4 7. Be2 e6 8. h3 Bh5 9. 0-0 Nf6 10. Nc3 Qd8 11. Be3 Be7 12. Qb3 Qd7 13. g4 Bg6 14. Ne5 Qc8 15. Bf3 0-0 16. Rac1 Rd8 17. Rfd1 Rb8 18. h4 h6 19. g5 hxg5 20. hxg5 Nxe5 21. dxe5 Rxd1+ 22. Nxd1 Qd8 23. gxf6 gxf6 24. exf6 Bxf6 25. Bxa7 Rc8 26. Bb6 Qd7 27. Rxc8+ Qxc8 28. Nc3 1-0

[Event "GRE-chT 43rd"]
[Site "Porto Rio"]
[Date "2015.10.10"]
[Round "4.12"]
[White "Hristodoulou, Panagiotis"]
[Black "Minas, Ioannis"]
[Result "1-0"]
[WhiteElo "2233"]
[BlackElo "2029"]
[PlyCount "69"]
[EventDate "2015.10.08"]
[EventType "team-swiss"]
[EventRounds "7"]
[EventCountry "GRE"]
[SourceTitle "CBM 168 Extra"]
[Source "ChessBase"]
[SourceDate "2015.10.29"]
[SourceVersion "1"]
[SourceVersionDate "2015.10.29"]
[SourceQuality "1"]
[WhiteTeam "Elefsinas STM"]
[BlackTeam "Thinalios"]
[WhiteTeamCountry "GRE"]
[BlackTeamCountry "GRE"]

1. e4 e5 2. Nf3 Nc6 3. d4 exd4 4. Nxd4 Bc5 5. Nb3 Bb6 6. Nc3 d6 7. Qe2 Be6 8. Be3 Qe7 9. 0-0-0 Nf6 10. f3 Ne5 11. Nd4 h6 12. Kb1 0-0-0 13. Nxe6 Qxe6 14. Bxb6 axb6 15. Qb5 g5 16. Qa4 c6 17. Be2 Kc7 18. g3 Ned7 19. Qd4 Rhf8 20. h4 Qe5 21. Qxe5 dxe5 22. a4 Nc5 23. hxg5 hxg5 24. Rh6 Rxd1+ 25. Nxd1 Nfd7 26. b3 Ne6 27. c3 f6 28. Ne3 Rf7 29. Bc4 Re7 30. Ng4 b5 31. axb5 cxb5 32. Bxb5 Nec5 33. b4 Ne6 34. Bxd7 Rxd7 35. Kc2 1-0

[Event "GRE-chT 43rd"]
[Site "Porto Rio"]
[Date "2015.10.09"]
[Round "3.11"]
[White "Minas, Ioannis"]
[Black "Exizoglou, Dimitrios"]
[Result "0-1"]
[WhiteElo "2029"]
[BlackElo "2139"]
[PlyCount "56"]
[EventDate "2015.10.08"]
[EventType "team-swiss"]
[EventRounds "7"]
[EventCountry "GRE"]
[SourceTitle "CBM 168 Extra"]
[Source "ChessBase"]
[SourceDate "2015.10.29"]
[SourceVersion "1"]
[SourceVersionDate "2015.10.29"]
[SourceQuality "1"]
[WhiteTeam "Thinalios"]
[BlackTeam "Polichnis"]
[WhiteTeamCountry "GRE"]
[BlackTeamCountry "GRE"]

1. Nf3 d5 2. b3 Nf6 3. Bb2 Bf5 4. e3 e6 5. Be2 Be7 6. Ne5 Nbd7 7. f4 Nxe5 8. Bxe5 Nd7 9. Bc3 Bh4+ 10. g3 Bf6 11. Bg4 Nc5 12. Bxf5 exf5 13. Bxf6 Qxf6 14. Nc3 0-0-0 15. d4 Rhe8 16. Qd2 Ne4 17. Nxe4 Rxe4 18. Kf2 Kb8 19. a4 g5 20. c3 Rde8 21. Rae1 h6 22. h4 a6 23. Qd1 c5 24. hxg5 hxg5 25. dxc5 Qxc3 26. Qxd5 Rxe3 27. Qd6+ Ka8 28. Qd1 Qb2+ 0-1

[Event "Chalkidiki op"]
[Site "Chalkidiki"]
[Date "2015.07.18"]
[Round "8"]
[White "Minas, Ioannis"]
[Black "Pasoglou, Ekaterini"]
[Result "1/2-1/2"]
[WhiteElo "2014"]
[BlackElo "1713"]
[PlyCount "164"]
[EventDate "2015.07.12"]
[EventType "swiss"]
[EventRounds "9"]
[EventCountry "GRE"]
[SourceTitle "EXT 2016"]
[Source "ChessBase"]
[SourceDate "2015.10.08"]
[SourceVersion "1"]
[SourceVersionDate "2015.10.08"]
[SourceQuality "1"]

1. Nf3 Nf6 2. b3 g6 3. Bb2 Bg7 4. e3 0-0 5. Be2 d6 6. 0-0 e5 7. d4 e4 8. Nfd2 d5 9. c4 c6 10. Nc3 a6 11. a4 Be6 12. a5 Nfd7 13. Ba3 Re8 14. Bd6 Bf8 15. Bxf8 Rxf8 16. f3 f5 17. fxe4 fxe4 18. Bg4 Bf7 19. c5 Qg5 20. Qe2 Nf6 21. Bh3 Nbd7 22. Rf4 Rae8 23. Raf1 Be6 24. Bxe6+ Rxe6 25. Qf2 Ree8 26. Ne2 Qh6 27. Qg3 Nh5 28. Rxf8+ Rxf8 29. Qh3 Rxf1+ 30. Nxf1 Qg7 31. Qe6+ Qf7 32. Qd6 Nhf6 33. h3 Ne8 34. Qg3 Nf8 35. Nh2 Qc7 36. Qe1 Nf6 37. b4 Ne6 38. Qh4 Kg7 39. Ng4 Nxg4 40. Qxg4 Qf7 41. Nc3 h5 42. Qg3 Qc7 43. Qe1 Nd8 44. Qh4 Nf7 45. Na4 Nh6 46. Nb6 Nf5 47. Qg5 h4 48. Kf2 Qg3+ 49. Qxg3 hxg3+ 50. Ke2 Kf7 51. Nd7 g5 52. Ne5+ Kf6 53. b5 cxb5 54. c6 Nd6 55. c7 Ke7 56. Kd2 Nc8 57. Kc3 Kd6 58. Nf7+ Kxc7 59. Nxg5 b6 60. axb6+ Kxb6 61. h4 Ne7 62. h5 a5 63. Kb3 a4+ 64. Kb4 Nc6+ 65. Ka3 Ne7 66. Kb4 Nc6+ 67. Ka3 Ne7 68. h6 Ka5 69. h7 Ng6 70. Nf7 b4+ 71. Kb2 Kb5 72. h8Q Nxh8 73. Nxh8 Kc4 74. Ng6 a3+ 75. Ka2 b3+ 76. Kxa3 Kc3 77. Nf4 Kc2 78. Nxd5 b2 79. Nb4+ Kc1 80. Na2+ Kc2 81. Nb4+ Kc1 82. Na2+ Kc2 1/2-1/2

[Event "Mem Stavros Skondras 1st A"]
[Site "Thessaloniki"]
[Date "2014.10.11"]
[Round "5.4"]
[White "Minas, Ioannis"]
[Black "Giannoulakis, Labros"]
[Result "0-1"]
[WhiteElo "2018"]
[BlackElo "2133"]
[PlyCount "82"]
[EventDate "2014.10.03"]
[EventType "swiss"]
[EventRounds "7"]
[EventCountry "GRE"]
[SourceTitle "EXT 2024"]
[Source "ChessBase"]
[SourceDate "2023.10.10"]
[SourceVersion "1"]
[SourceVersionDate "2023.10.10"]
[SourceQuality "1"]

1. c4 Nf6 2. g3 g6 3. Bg2 Bg7 4. Nc3 0-0 5. Nf3 d6 6. d3 e5 7. Nd2 c6 8. Nde4 Ne8 9. Qb3 Nd7 10. h4 f5 11. c5+ d5 12. Nxd5 cxd5 13. Qxd5+ Kh8 14. Ng5 Qe7 15. h5 gxh5 16. c6 bxc6 17. Qxc6 Rb8 18. Nxh7 Kxh7 19. Rxh5+ Kg8 20. Bd5+ Rf7 21. Rxf5 Ndf6 22. Bxf7+ Kxf7 23. Qd5+ Be6 24. Qxe5 Qb4+ 25. Bd2 Qb7 26. Rf3 Bg4 27. Bf4 Rc8 28. Qe3 Bxf3 29. Qxf3 Qxb2 30. Rd1 Kg8 31. g4 Qxa2 32. Kf1 Nd5 33. Bh2 Nc3 34. Re1 a5 35. g5 a4 36. Qf5 Rc6 37. Qd7 Qe6 38. Qxe6+ Rxe6 39. Ra1 Ra6 40. e3 a3 41. d4 a2 0-1

[Event "Mem Stavros Skondras 1st A"]
[Site "Thessaloniki"]
[Date "2014.10.10"]
[Round "4.5"]
[White "Exizoglou, Dimitrios"]
[Black "Minas, Ioannis"]
[Result "1/2-1/2"]
[WhiteElo "2129"]
[BlackElo "2018"]
[PlyCount "137"]
[EventDate "2014.10.03"]
[EventType "swiss"]
[EventRounds "7"]
[EventCountry "GRE"]
[SourceTitle "EXT 2024"]
[Source "ChessBase"]
[SourceDate "2023.10.10"]
[SourceVersion "1"]
[SourceVersionDate "2023.10.10"]
[SourceQuality "1"]

1. e4 g6 2. d4 Bg7 3. Nc3 c6 4. Nf3 d6 5. Bc4 Nf6 6. Bb3 0-0 7. 0-0 Bg4 8. h3 Bxf3 9. Qxf3 e5 10. dxe5 dxe5 11. Bg5 Nbd7 12. Rad1 Qc7 13. Rd2 h6 14. Be3 Rfd8 15. Rfd1 Nf8 16. Bxh6 Bxh6 17. Rxd8 Rxd8 18. Qxf6 Rxd1+ 19. Nxd1 Qd7 20. Kh2 a5 21. a4 Bg7 22. Qf3 Ne6 23. Bxe6 Qxe6 24. b3 Qd6 25. Qe2 Bh6 26. Nb2 Qc5 27. Kg1 Qd4 28. Nc4 b5 29. Nxa5 bxa4 30. bxa4 Qa1+ 31. Kh2 Qxa4 32. Nc4 Qb4 33. g3 Qc5 34. Kg2 Bc1 35. Qd3 Bg5 36. h4 Be7 37. Ne3 Kg7 38. Qc4 Qd6 39. h5 Bg5 40. hxg6 fxg6 41. Ng4 Bd8 42. Qc3 Bc7 43. Ne3 Kf6 44. Ng4+ Kg7 45. Qe3 Qf8 46. Qg5 Qd6 47. Ne3 Qf6 48. Qg4 Bb6 49. Qd7+ Qf7 50. Qxf7+ Kxf7 51. Kf3 Ke6 52. Ke2 Bd4 53. Ng4 Kd6 54. Kd3 Ke6 55. f4 Bb2 56. Nxe5 Bxe5 57. fxe5 Kxe5 58. Ke3 g5 59. Kf3 c5 60. Kg4 Kxe4 61. Kxg5 Ke3 62. Kf5 Kd2 63. g4 Kxc2 64. g5 c4 65. g6 c3 66. g7 Kb1 67. g8Q c2 68. Qb3+ Ka1 69. Qxc2 1/2-1/2

[Event "Mem Stavros Skondras 1st A"]
[Site "Thessaloniki"]
[Date "2014.10.05"]
[Round "3.6"]
[White "Athanasiadis, Mihail"]
[Black "Minas, Ioannis"]
[Result "0-1"]
[WhiteElo "2006"]
[BlackElo "2018"]
[PlyCount "100"]
[EventDate "2014.10.03"]
[EventType "swiss"]
[EventRounds "7"]
[EventCountry "GRE"]
[SourceTitle "EXT 2024"]
[Source "ChessBase"]
[SourceDate "2023.10.10"]
[SourceVersion "1"]
[SourceVersionDate "2023.10.10"]
[SourceQuality "1"]

1. e4 e5 2. Nf3 Nc6 3. Bc4 f5 4. d4 fxe4 5. Nxe5 d5 6. Bb5 Qd6 7. Qh5+ g6 8. Qh4 Nge7 9. Qf4 Be6 10. Nc3 Bg7 11. Ba4 a6 12. Nxc6 Nxc6 13. Qxd6 cxd6 14. Bxc6+ bxc6 15. Be3 Rb8 16. 0-0-0 Rf8 17. h3 Kd7 18. Ne2 Rb4 19. b3 Rbb8 20. c3 Rf6 21. Kc2 Rbf8 22. Rhf1 Kc7 23. Rd2 a5 24. Nc1 Bc8 25. a4 Ba6 26. Rfd1 Rb8 27. Kb2 Rff8 28. Ka3 Rb7 29. Rb2 Kd7 30. h4 Ke6 31. Rdd2 Bf1 32. g3 Ba6 33. Ne2 Rfb8 34. Rb1 Bc4 35. Rdb2 Bd3 36. Nf4+ Kf5 37. Nxd3 exd3 38. Rd1 Ke4 39. Re1 Kf5 40. f3 c5 41. g4+ Kf6 42. dxc5 Kf7 43. Rc1 dxc5 44. Bxc5 d2 45. Rcb1 Bxc3 46. Rc2 d4 47. Ka2 Rxb3 48. Rd1 Rb2+ 49. Rxb2 Rxb2+ 50. Ka3 Rc2 0-1

[Event "Mem Stavros Skondras 1st A"]
[Site "Thessaloniki"]
[Date "2014.10.04"]
[Round "2.4"]
[White "Minas, Ioannis"]
[Black "Avramidou, Anastasia"]
[Result "0-1"]
[WhiteElo "2018"]
[BlackElo "2120"]
[PlyCount "91"]
[EventDate "2014.10.03"]
[EventType "swiss"]
[EventRounds "7"]
[EventCountry "GRE"]
[SourceTitle "EXT 2024"]
[Source "ChessBase"]
[SourceDate "2023.10.10"]
[SourceVersion "1"]
[SourceVersionDate "2023.10.10"]
[SourceQuality "1"]

1. d4 d6 2. e4 Nf6 3. Nc3 c6 4. Nf3 Nbd7 5. Qe2 e5 6. Be3 Be7 7. 0-0-0 Qc7 8. Nh4 Nb6 9. g3 Ng4 10. Bg2 Nxe3 11. fxe3 g6 12. Rhf1 Bd7 13. Kb1 Rf8 14. Rf2 0-0-0 15. Rdf1 f6 16. Qd3 Kb8 17. a3 Be6 18. d5 cxd5 19. exd5 Bd7 20. Rc1 Rc8 21. Bf1 f5 22. e4 fxe4 23. Nxe4 Rxf2 24. Nxf2 Qc5 25. Ne4 Qxd5 26. Qxd5 Nxd5 27. Bd3 Nb6 28. Rf1 d5 29. Nf6 Bh3 30. Nxd5 Nxd5 31. Rf7 Bxh4 32. Rxh7 Bxg3 33. Rxh3 Be1 34. Rh7 g5 35. Be4 Rd8 36. c4 Nc7 37. Re7 Bd2 38. h3 Bf4 39. Rf7 a6 40. c5 Rd4 41. Rf8+ Ka7 42. Bf5 e4 43. Rf7 e3 44. Bg4 Bg3 45. Re7 Nd5 46. Re6 0-1